000 00480ntaaa2200193 4500
003 01
005 20251027201617.0
008 0714s1973 ag 01
040 _aAR-BaBN
_bspa
_cAR-BaBN
_eaacr
_dRIC
082 _a248.2700 D44
100 _aDerham, A. Morgan
_95732
245 _aThe mature christian
250 _a1 ed.
260 _aWestwood :
_bFleming H Revell Company,
_cc1965
300 _a128 p
500 _aEl creyente maduro
650 _avida cristiana
942 _cBK
999 _c10735
_d10735